| 000 | 00359nam a22001337a 4500 | ||
|---|---|---|---|
| 020 | _a978-81-908560-7-2 | ||
| 082 |
_a500 _bSHA/M |
||
| 100 | _aDr.NK SHARMA, VN TIWARI | ||
| 245 |
_aACADEMIC MULTIPLE3 CHOICE QUESTIONS IN SCIENCE _bCLAQSSES IX-X |
||
| 260 |
_aDELHI _bAMANDA IMPRINT |
||
| 300 | _a130 | ||
| 650 |
_aSCIENCE MCQ FOR CLASSES IX-X _zINDIA |
||
| 942 | _cBK | ||
| 999 |
_c814 _d814 |
||